000
00287nam a2200097Ia 4500
001
644708
005
20250826153610.0
008
250824s9999 xx 000 0 und d
245
0
_a
PROFESÖR KİP İLE TÜRKÇE 3 İŞARETLER ARASINDAN KAÇIŞ
_c
BİRSEN EKİM ÖZEN
260
_b
TİMAŞ ÇOCUK
999
_c
644708
_d
644708